00511nam a2200109Ia 4500008004100000100002200041245018400063260003300247300001700280650001900297856008500316160712s9999 xx 000 0 und d aMacusi, Edison D. cEdison D. Macusi,aCan Complaining Modify a Smoking Environment: A Study on the Effects of Complaining on Smoking Behavior in Different Bars Using Agent-Based Model Implementation c2013bSocial Science Diliman avol. 9 no. 2 xSOCIAL SCIENCE uhttp://journals.upd.edu.ph/index.php/socialsciencediliman/issue/view/405/showToc